000 00396nam a2200169Ia 4500
003 OSt
005 20240209121334.0
008 170619s9999 xx 000 0 und d
020 _a9780333930694
040 _cIIMT ENGINEERING COLLEGE
100 _aJain- P.K
245 0 _aInternational Financial Management
260 _bmacmillan
260 _c2010
546 _aENGLISH
942 _2ddc
_c02
999 _c22766
_d22766